| Tag |
First Indicator |
Second Indicator |
Subfields |
| LEADER |
00000cam a2200000 a 4500 |
| 001 |
in00000784367 |
| 005 |
20151017060313.0 |
| 008 |
880526s1988 maua b 00010 eng |
| 010 |
|
|
|a 88019146
|
| 020 |
|
|
|a 0262061171 :
|c $30.00
|
| 035 |
|
|
|a (OCoLC)18136186
|
| 035 |
|
|
|9 ADM3374AM
|
| 040 |
|
|
|a DLC
|c DLC
|d TXA
|d UtOrBLW
|
| 041 |
1 |
|
|a eng
|a ita
|
| 043 |
|
|
|a e-it---
|
| 049 |
|
|
|a TXAM
|c [A11751205]
|
| 050 |
0 |
0 |
|a TS79
|b .F3813 1988
|
| 082 |
0 |
|
|a 745.2/092/4
|2 19
|
| 100 |
1 |
|
|a Favata, Ignazia.
|
| 240 |
1 |
0 |
|a Joe Colombo.
|l English
|
| 245 |
1 |
0 |
|a Joe Colombo :
|b and Italian design of the sixties : commentary and catalogue /
|c by Ignazia Favata ; introduction by Vittorio Fagone ; [translated by Huw Evans].
|
| 250 |
|
|
|a 1st MIT Press ed.
|
| 264 |
|
1 |
|a Cambridge, Mass. :
|b MIT Press,
|c 1988.
|
| 300 |
|
|
|a 126 pages :
|b illustrations (some color) ;
|c 29 cm.
|
| 336 |
|
|
|a text
|b txt
|2 rdacontent
|
| 337 |
|
|
|a unmediated
|b n
|2 rdamedia
|
| 338 |
|
|
|a volume
|b nc
|2 rdacarrier
|
| 500 |
|
|
|a Translation of: Joe Colombo : designer 1930-1971.
|
| 504 |
|
|
|a Bibliography: pages 125-126.
|
| 650 |
|
0 |
|a Industrial designers
|z Italy.
|
| 600 |
1 |
0 |
|a Colombo, Joe C.
|
| 999 |
|
|
|a MARS
|
| 999 |
f |
f |
|s 9a1a27c0-b261-35cb-8277-df25a1d68c9a
|i 915132a4-0d73-3e1e-89d5-3d7f75f5014f
|t 0
|
| 952 |
f |
f |
|p normal
|a Texas A&M University
|b College Station
|c Sterling C. Evans Library
|d Evans: Library Stacks
|t 0
|e TS79 .F3813 1988
|h Library of Congress classification
|i unmediated -- volume
|m A14811751205
|
| 998 |
f |
f |
|a TS79 .F3813 1988
|t 0
|l Evans: Library Stacks
|